000 00671nam a2200241Ia 4500
003 OSt
005 20220924125954.0
006 a|||||r|||| 00| 0
007 ta
008 220923b |||||||| |||| 00| 0 per d
024 _a324328
037 _cTextual
040 _aARTS
_cARTS
_bper
041 _2per
_aper
082 _aDelta73wx, 164J6
100 _aJami Abdur Rehman Au.
_9199303
245 0 _aNafhat-ul-unus min hazrat-al-quds
260 _atehran
_bKitab faroos Iran
_c1956
300 _a678p.
_ccm.
650 _aSPIRurdALISM
942 _hDelta73wx, 164J6
_cTEXL
_2CC
999 _c423803
_d423803